000 00501nam a2200145Ia 4500
008 151213s9999 xx 000 0 und d
100 _aআজহার উদ্দীন খান।
245 _aমেধাবী নীলিমা।
_cআজহার উদ্দীন খান।
260 _aঢাকা
_bসুপ্রিম।
_c1990
300 _a8645 p.
650 _aBangla
650 _aগল্প।
700 _aআজহার উদ্দীন খান।
999 _c4432
_d4432